| 000 | 00528nam a22001937a 4500 | ||
|---|---|---|---|
| 003 | KOHA_MİRAKIL | ||
| 005 | 20260324125012.0 | ||
| 008 | 260324b tu ||||| |||| 00| 0 tur d | ||
| 020 | _a9789757298991 | ||
| 040 |
_aTR-AnABB _btur _cTR-AnABB |
||
| 041 | _atur | ||
| 082 |
_a150 _bBOS 2021 |
||
| 100 | 1 | _aBoss, Pauline | |
| 245 | 1 | 0 |
_aMuğlak kayıp / _cPauline Boss |
| 260 |
_aAnkara : _bBilim Ve Sanat Yayınları, _c2021 |
||
| 300 |
_a198 sayfa ; _c20 cm |
||
| 650 | 0 | 4 | _aPsikoloji, kayıp |
| 942 |
_2ddc _cBK |
||
| 999 |
_c10020 _d10020 |
||
| 900 | _bCan ÇELIK | ||